书目信息 |
| 题名: |
梁启超哲学思想论文选
|
|
| 作者: | 梁启超 著 ;葛懋春 , 蒋俊 编选 | |
| 分册: | ||
| 出版信息: | 北京 北京大学出版社 1984.4 |
|
| 页数: | 520页 | |
| 开本: | 21cm | |
| 丛书名: | ||
| 单 册: | ||
| 中图分类: | B259.1 | |
| 科图分类: | ||
| 主题词: | 个人-道德修养 , 近代哲学--中国 | |
| 电子资源: | ||
| ISBN: | ||
| 000 | 00742nam0 2200253 45 | |
| 001 | 0303190863 | |
| 005 | 20051229110720.76 | |
| 010 | @dCNY2.45 | |
| 091 | @a2209.16 | |
| 100 | @a20030319d1984 km y0chiy0120 ea | |
| 101 | 0 | @achi |
| 200 | 1 | @a梁启超哲学思想论文选@ALiang Qi Chao Zhe Xue Si Xiang Lun Wen Xuan@f梁启超著@FLiang Qi Chao Zhu@g葛懋春,蒋俊编选 |
| 210 | @a北京@c北京大学出版社@d1984.4 | |
| 215 | @a520页@d21cm | |
| 300 | @a中国现代哲学史资料选编 | |
| 300 | @a高等学校教学参考书 | |
| 606 | 0 | @a个人-道德修养 |
| 606 | 0 | @a近代哲学@x中国 |
| 690 | @aB259.1@v3 | |
| 701 | 0 | @a梁启超@4著 |
| 702 | 0 | @a葛懋春@AGe Mao Chun@4编选 |
| 702 | 0 | @a蒋俊@AJiang Jun@4编选 |
| 801 | @aCN@bTSTC@c20051229 | |
| 905 | @dB259.1@e16@f1@b137154 | |
| 梁启超哲学思想论文选/梁启超著/葛懋春,蒋俊编选.-北京:北京大学出版社,1984.4 |
| 520页;21cm |
| 中国现代哲学史资料选编.-高等学校教学参考书 |
| ISBN :CNY2.45 |
| ● |
| 相关链接 |
|
|
|
|
正题名:梁启超哲学思想论文选
索取号:B259.1/16
 
预约/预借
| 序号 | 登录号 | 条形码 | 馆藏地/架位号 | 状态 | 备注 |
| 1 | 0137154 | 000516418 | 第一样本阅览室/ [索取号:B259.1/16] | 在馆 | |
| 2 | 0137155 | 202174985 | 密集书库/ [索取号:B259.1/16] | 在馆 | |
| 3 | 0137156 | 001768359 | 密集书库/ [索取号:B259.1/16] | 在馆 |